Sports Quiz

Random Sports Quiz

Red Wings Winning Streak Opponents Quiz Stats

 Plays Quiz not verified by Sporcle

Also try: Sort the 'C' Teams
Challenge
Share
Tweet
Embed
Score 0/23 Timer 02:00
0 Plays Today
Team Name % Correct
Chicago Blackhawks
97.5%
Nashville Predators
95%
St. Louis Blues
95%
St. Louis Blues
95%
St. Louis Blues
95%
Nashville Predators
95%
Dallas Stars
92.5%
Dallas Stars
92.5%
Calgary Flames
90%
Columbus Blue Jackets
90%
San Jose Sharks
90%
Edmonton Oilers
87.5%
Team Name % Correct
Edmonton Oilers
87.5%
Phoenix Coyotes
85%
Los Angeles Kings
85%
Phoenix Coyotes
85%
Anaheim Ducks
82.5%
Anaheim Ducks
82.5%
Colorado Avalanche
80%
Philadelphia Flyers
80%
Tampa Bay Lightning
75%
Winnipeg Jets
67.5%
Buffalo Sabres
62.5%

You're not logged in!

Compare scores with friends on all Sporcle quizzes.
OR
Log In

You Might Also Like...

Show Comments

Extras

Top Quizzes Today


Score Distribution

Your Account Isn't Verified!

In order to create a playlist on Sporcle, you need to verify the email address you used during registration. Go to your Sporcle Settings to finish the process.

Report this User

Report this user for behavior that violates our Community Guidelines.

Details: